000 00654nam a2200229Ia 4500
003 OSt
005 20220928132625.0
006 a|||||r|||| 00| 0
007 ta
008 220927b |||||||| |||| 00| 0 eng d
024 _a58671
037 _cTextual
040 _aSDCL
_cSDCL
_beng
041 _2eng
_aeng
082 _aV5925'N4, K8
100 _aKennan George F
_9406165
245 0 _aFrom Prague after Munich
_b Diplomatic papers 1938-1940.
260 _aPrinceton
_bPrinceton University Press
_c1968
300 _axxxviii,266p.
_ccm.
942 _hV5925'N4, K8
_cTEXL
_2CC
999 _c795197
_d795197